000 00547nam a2200229Ia 4500
003 OSt
005 20220928145030.0
006 a|||||r|||| 00| 0
007 ta
008 220927b |||||||| |||| 00| 0 eng d
024 _a78360
037 _cTextual
040 _aSDCL
_cSDCL
_beng
041 _2eng
_aeng
082 _aO-,1M74:g, K6
100 _aGerber Philip L.
_9511312
245 0 _aRobert Frost
250 _a2
260 _c1966
942 _hO-,1M74:g, K6
_cTEXL
_2CC
999 _c831575
_d831575